00684nam a2200217 a 450000100100000000500170001000800410002702000150006804000250008308200230010810000320013124500780016325000110024126000320025230000330028449000290031765000240034665000360037070000310040683000290043700001448420200929163846.0100111s1999 sp a 000 p spa d a8437612721 aDO-SdBNPbspacBNPHU a861.6bF954m, 19991 aFuertes, Gloria,d1917-199810aMujer de verso en pecho /cGloria Fuertes ; prólogo de Francisco Nieva. a4a ed. aMadrid :bCátedra,c1999. a187, [4] p. :bil. ;c18 cm.1 aLetras hispánicasv388 4aPoesía española 4aLiteratura españolaySIGLO XX1 aNieva, Francisco,epról. 0aLetras hispánicasv388